| Tag |
First Indicator |
Second Indicator |
Subfields |
| LEADER |
00000cam a2200000 4500 |
| 001 |
in00000052117 |
| 005 |
20151007080325.0 |
| 008 |
760601s1931 uk 00010 eng |
| 010 |
|
|
|a 31018995
|
| 035 |
|
|
|a (OCoLC)02205072
|
| 035 |
|
|
|9 AAF4617AM
|
| 040 |
|
|
|a DLC
|c MGC
|d TXA
|d UtOrBLW
|
| 049 |
|
|
|a TXAM
|c [199333]
|
| 050 |
0 |
0 |
|a B821
|b .H8
|
| 092 |
|
|
|a 144
|b H994p
|
| 100 |
1 |
|
|a Hyde, Lawrence,
|d 1894-1957.
|
| 245 |
1 |
4 |
|a The prospects of humanism /
|c by Lawrence Hyde.
|
| 264 |
|
1 |
|a London :
|b G. Howe limited,
|c 1931.
|
| 300 |
|
|
|a iii-vi pages 9-249 pages ;
|c 22 cm.
|
| 336 |
|
|
|a text
|b txt
|2 rdacontent
|
| 337 |
|
|
|a unmediated
|b n
|2 rdamedia
|
| 338 |
|
|
|a volume
|b nc
|2 rdacarrier
|
| 505 |
0 |
|
|a Introductory.--Thought and being.--Learning and leadership.--The new humanism.--Sweetness and light.--The new romanticism.
|
| 650 |
|
0 |
|a Humanism
|x History
|y 20th century.
|
| 650 |
|
0 |
|a Romanticism.
|
| 999 |
|
|
|a MARS
|
| 999 |
f |
f |
|s 4b5ecbd9-af0a-3d1a-856c-4294b621572a
|i 4dbf0e88-add9-3ae6-89d6-3ea4347bbab9
|t 0
|
| 952 |
f |
f |
|p ric
|a Texas A&M University
|b Rellis Campus
|c Joint Library Facility
|d Remote Storage
|t 0
|e B821 .H8
|h Library of Congress classification
|i unmediated -- volume
|m A14800518597
|
| 998 |
f |
f |
|a B821 .H8
|t 0
|l Remote Storage
|